000 01177nam2a22002531 4500
001 RU\NLR\INFOCOMM18\1000033213
005 20250616233024.0
035 _a(NLR Aleph) 002280259
090 _a4035185
_c4035185
100 _a20031128d1890 |||y0rusy50 ca
101 0 _arus
102 _aRU
105 _ay |||||||||
200 1 _aМатериалы для изучения быта и языка русского населения Северо-Западного края
_hТ.1, ч.2
_fШейн П.В.
210 _d1890
_aБ. м.
461 0 _1001RU\NLR\INFOCOMM18\1000033037
_12001#$aСборник Отделения русского языка и словесности Академии наук СССР$vТ.51, №3
_94033613
_aАН СССР. Отделение русского языка и словесности
_cЛ.
_d1867-1928
_tСборник Отделения русского языка и словесности Академии наук СССР
_vТ.51, №3
700 1 _aШейн
_bП.В.
_4070
801 1 _aRU
_bInfoComm
_c20031128
801 0 _aRU
_bNLR
_gPSBO
852 _aNLR
_jП34/278
942 _cISSUE
980 _aNB
980 _aRUSPER